World Leaders 1# - Statistics

General Stats
  • This quiz has been taken 31 times
  • The average score is 12 of 16
Answer Stats
Picture Answer % Correct
Abraham Lincoln
100%
Joseph Stalin
100%
Winston Churchill
100%
Nelson Mandela
96%
Barack Obama
93%
Volodymyr Zelenskyy
81%
Charles de Gaulle
78%
Franklin D. Roosevelt
78%
Muammar Gaddafi
78%
Nicolas Maduro
78%
Benito Mussolini
70%
Justin Trudeau
70%
Kier Starmer
67%
Leonid Brezhnev
52%
Francisco Franco
37%
Konrad Adenaur
19%
No matching quizzes found
Score Distribution
Percent of People with Each Score
Percentile by Number Answered
Your Score History
You have not taken this quiz